000 00809nas a2200277 4500
001 BR9804245
003 BR-BrBNA
005 20231205101044.0
007 ta
008 230509b bl.|||p| |||| 00| 00por d
040 _aBR-BrBNA
_bpor
_cBiblioteca Nacional de Agricultura
041 _a(Pt)
072 _aL73
100 1 _aZanetti, M.A.
100 1 _aNeunhaus, L.E.D.
100 1 _aSchalch, E.
100 1 _aMartins, J.H.
245 1 _aEfeitos da suplementacao de selenio e vitamina E em bovinos leiteiros
650 _aGado Leiteiro
650 _aMamite
650 _aSelenio
650 _aVitamina E
773 0 _tRevista Brasileira de Zootecnia (Brazil)
_xISSN 0100-4859
_g(Mar-Apr 1998), v. 27(2) p. 405-408
_wBR9804245
909 _a202311
_bLúcia
_c55
_dLúcia Elande
942 _2AGRIS
_n0
_cANA
999 _c159465
_d159465